01802cam a2200337 a 450000100100000000500170001000800410002702000150006804000250008308200170010810000390012524000460016424501010021026000380031130000210034949000260037050500850039653400830048159000270056465000340059165000350062570000330066083000340069391000370072795201870076495201300095195201300108195201150121195201210132699900170144700002011720200929170256.0700702s2000 dr 000 f spa d a8481301191 aDO-SdBNPbspacBNPHU a813.3bP743e1 aPoe, Edgar Allan,d1809-18499990314aThe murders in the rue morgue.lEspañol14aLos extraordinarios casos de monsieur Dupin /cEdgar Allan Poe ; traducción de Domingo Santos. aSanto Domingo :bEl Siglo,c2000. a124 p. ;c19 cm.1 aJoyas del mileniov202 aLos crímenes de la morgue--tEl misterio de Marie Rogêt --tLa carta robada. aTítulo original: The murders in the rue morguecBarcelona : Bibliotex, 2000. aInventariado, 2018/ YL 4aCuentos estadounidenses93514 4aLiteratura estadounidense926312aSantos, Domingo,etr.942720 0aJoyas del milenio;n20942721 aValidado. Control de calidad MFF 001054708DSaGRbGRcHDd2010-07-21iLF1l0o813.3 P743ep20117-30r2020-06-25te. 3w2020-06-25yLFDSzPerteneció a la biblioteca personal de Sonia Ginebra.ZPréstamo en sala 001054708DSaGRbGRcHDd2010-07-21iLF1l0o813.3 P743ep20117-40r2020-06-25te. 4w2020-06-25yLFDSZPréstamo en sala 001054708DSaGRbGRcHDd2015-02-13iLF1l0o813.3 P743ep20117-50r2020-06-25te. 5w2020-06-25yLFDSZPréstamo en sala 0010718PDaPDbPDcHDd2010-07-21iLF1l0o813.3 P743ep20117-10r2020-06-25w2020-06-25yLFPDZNo se presta 0010718PDaPDbPDcHDd2010-07-21iLF1l0o813.3 P743ep20117-20r2020-06-25te. 2w2020-06-25yLFPDZNo se presta c19625d19625